Institucionální a ekonomické souvislosti integrace České republiky do Evropské unie

Otázky, ktoré stáli v pozadí utvárania inštitucionálneho rámca českého hospodárstva. Prínosy plynúce zo skvalitňovania inštitucionálneho prostredia v súvislosti so vstupom Česka do Európskej únie. Analýza procesu reálneho a nominálneho vyrovnávania (konvergencie) ekonomickej úrovne Česka s krajinami...

Descrizione completa

Salvato in:
Dettagli Bibliografici
Autore principale: Melecký, Lukáš
Natura: Capitolo di libro
Lingua:ceco
Soggetti:
Tags: Aggiungi Tag
Nessun Tag, puoi essere il primo ad aggiungerne!!

MARC

LEADER 00000naa$a2200000$$$4500
001 0038328
005 20221207105142.4
041 0 |a cze 
044 |a SK 
245 1 0 |a Institucionální a ekonomické souvislosti integrace České republiky do Evropské unie  |c Lukáš Melecký 
520 |a Otázky, ktoré stáli v pozadí utvárania inštitucionálneho rámca českého hospodárstva. Prínosy plynúce zo skvalitňovania inštitucionálneho prostredia v súvislosti so vstupom Česka do Európskej únie. Analýza procesu reálneho a nominálneho vyrovnávania (konvergencie) ekonomickej úrovne Česka s krajinami EU-15. 
610 2 0 |a Česko 
610 2 0 |a Európska únia 
610 2 0 |a integrácia 
610 2 0 |a inštitucionalizmus 
610 2 0 |a úroveň rozvoja hospodárskeho 
610 2 0 |a konvergencia 
100 1 |a Melecký, Lukáš